Carregant...

Cellular membrance in development /

Dades bibliogràfiques
Autor principal: Locke Michal
Format: Printed Book
Idioma:English
Publicat: Acadamic Press c1964.
LEADER 00351nam a2200109Ia 4500
008 130611s9999 xx 000 0 eng d
100 |a Locke Michal 
245 |a Cellular membrance in development / 
260 |b Acadamic Press  |c c1964. 
942 |c BK 
999 |c 127536  |d 127536 
952 |0 0  |1 0  |4 0  |7 0  |9 140917  |a ZOO  |b ZOO  |c ST1  |d 2013-06-11  |l 0  |p ZOO3396  |r 2013-06-11  |w 2013-06-11  |y BK